[Event "BI-2016-F-0000"]
[Site "LSS email"]
[Date "2016.02.14"]
[Round "?"]
[White "Henke, Simon"]
[Black "Mokeev, Valery"]
[Result "0-1"]
[WhiteElo "1500"]
[BlackElo "1955"]
[PlyCount "42"]
[EventDate "2016.02.20"]
[EventType "tourn (corr)"]
[EventRounds "10"]
[EventCountry "GER"]
[SourceTitle "Corr 2022"]
[Source "ChessBase"]
[SourceDate "2021.10.24"]
[SourceVersion "1"]
[SourceVersionDate "2021.10.24"]
[SourceQuality "1"]

1. Nf3 Nf6 2. c4 c5 3. g3 d5 4. cxd5 Nxd5 5. Bg2 Nc6 6. 0-0 e5 7. Nc3 Be6 8. Ng5 Qxg5 9. Nxd5 Qd8 10. Nc3 Be7 11. d3 0-0 12. Bxc6 bxc6 13. b3 h5 14. Be3 f5 15. Qd2 h4 16. Rac1 hxg3 17. fxg3 Bd6 18. Na4 f4 19. Bf2 Bh3 20. Rfe1 e4 21. Bxc5 fxg3 0-1

[Event "BI-2016-F-0000"]
[Site "LSS email"]
[Date "2016.02.14"]
[Round "?"]
[White "Mokeev, Valery"]
[Black "Mostowik, Pawel"]
[Result "1-0"]
[WhiteElo "1955"]
[BlackElo "1849"]
[PlyCount "63"]
[EventDate "2016.02.20"]
[EventType "tourn (corr)"]
[EventRounds "10"]
[EventCountry "GER"]
[SourceTitle "Corr 2022"]
[Source "ChessBase"]
[SourceDate "2021.10.24"]
[SourceVersion "1"]
[SourceVersionDate "2021.10.24"]
[SourceQuality "1"]

1. Nf3 d5 2. g3 Nf6 3. Bg2 Nc6 4. d4 e6 5. 0-0 Be7 6. c4 0-0 7. b3 Ne4 8. Bb2 f5 9. Nbd2 a5 10. Rc1 a4 11. bxa4 Bd7 12. a3 Qc8 13. Qc2 Qe8 14. e3 Na5 15. Nxe4 fxe4 16. Ne5 Bxa4 17. Qc3 c6 18. cxd5 exd5 19. f4 Bd6 20. Rf2 Qe6 21. Bf1 Qe7 22. Rb1 Rfc8 23. f5 b5 24. Bh3 Rc7 25. Rbf1 b4 26. axb4 Nc4 27. Nxc4 Bxb4 28. Qc1 Bb5 29. Ne5 Bxf1 30. Qxf1 g6 31. fxg6 Rf8 32. gxh7+ 1-0

[Event "BI-2016-F-0000"]
[Site "LSS email"]
[Date "2016.02.14"]
[Round "?"]
[White "Mokeev, Valery"]
[Black "Neumann, Ulrich"]
[Result "1-0"]
[WhiteElo "1955"]
[BlackElo "1810"]
[PlyCount "89"]
[EventDate "2016.02.20"]
[EventType "tourn (corr)"]
[EventRounds "10"]
[EventCountry "GER"]
[SourceTitle "Corr 2022"]
[Source "ChessBase"]
[SourceDate "2021.10.24"]
[SourceVersion "1"]
[SourceVersionDate "2021.10.24"]
[SourceQuality "1"]

1. Nf3 g6 2. d4 d6 3. g3 Bg7 4. Bg2 Nd7 5. 0-0 e5 6. c4 Ne7 7. Nc3 0-0 8. e4 exd4 9. Nxd4 Nc6 10. Nde2 Re8 11. b3 Nc5 12. Be3 Bg4 13. f3 Be6 14. Qd2 a5 15. Rab1 a4 16. b4 Nd7 17. Nd5 Nce5 18. Rbc1 c6 19. Nd4 Nxc4 20. Rxc4 cxd5 21. Nxe6 fxe6 22. exd5 Nb6 23. Bxb6 Qxb6+ 24. Kh1 Qb5 25. Rc7 e5 26. Rfc1 Rf8 27. h4 Rf5 28. f4 exf4 29. Bh3 Rf6 30. gxf4 Raf8 31. Bd7 Qb6 32. Be6+ Kh8 33. f5 Rxf5 34. Bxf5 Rxf5 35. Rc8+ Bf8 36. Kg2 Kg8 37. R1c4 Qb5 38. Rf4 Rxf4 39. Qxf4 Qxd5+ 40. Kg3 Qf7 41. Qxf7+ Kxf7 42. Rb8 d5 43. Rxb7+ Ke6 44. b5 Be7 45. Ra7 1-0

[Event "CP-2015-P-00053"]
[Site "LSS email"]
[Date "2015.09.28"]
[Round "?"]
[White "Luers, Lavas"]
[Black "Mokeev, Valery"]
[Result "1/2-1/2"]
[WhiteElo "2023"]
[BlackElo "1942"]
[PlyCount "90"]
[EventDate "2015.10.01"]
[EventType "tourn (corr)"]
[EventRounds "6"]
[EventCountry "GER"]
[SourceTitle "Corr 2022"]
[Source "ChessBase"]
[SourceDate "2021.10.24"]
[SourceVersion "1"]
[SourceVersionDate "2021.10.24"]
[SourceQuality "1"]

1. e4 e5 2. Nf3 Nc6 3. Bb5 Nf6 4. 0-0 Nxe4 5. d4 Nd6 6. Bxc6 dxc6 7. dxe5 Nf5 8. Qxd8+ Kxd8 9. Nc3 Ke8 10. Ne2 b6 11. Rd1 Bb7 12. Ned4 Nxd4 13. Nxd4 h6 14. Bf4 g5 15. Bg3 Rd8 16. c3 Bc5 17. e6 Bd6 18. f3 Bxg3 19. hxg3 Ke7 20. exf7 Kxf7 21. b4 h5 22. a4 Kf6 23. a5 Rd6 24. Re1 Rhd8 25. axb6 axb6 26. Ra7 Rb8 27. f4 gxf4 28. Rf1 Kg6 29. gxf4 c5 30. Ne6 cxb4 31. cxb4 Kf6 32. Nxc7 Rd7 33. Nb5 h4 34. Rc1 Rg7 35. Rc7 Rxc7 36. Nxc7 Bc6 37. b5 Be4 38. Ra4 Kf5 39. Ne6 Ra8 40. Rxa8 Bxa8 41. Nd4+ Kxf4 42. Ne2+ Ke3 43. Nc3 Kd4 44. Na4 Be4 45. Nxb6 Bd3 1/2-1/2

[Event "BI-2015-P-0000"]
[Site "LSS email"]
[Date "2015.04.16"]
[Round "?"]
[White "Blank, Kamil"]
[Black "Mokeev, Valery"]
[Result "0-1"]
[WhiteElo "1262"]
[BlackElo "1904"]
[PlyCount "150"]
[EventDate "2015.04.22"]
[EventType "tourn (corr)"]
[EventRounds "10"]
[EventCountry "GER"]
[SourceTitle "Corr 2022"]
[Source "ChessBase"]
[SourceDate "2021.10.24"]
[SourceVersion "1"]
[SourceVersionDate "2021.10.24"]
[SourceQuality "1"]

1. e4 e6 2. d4 d5 3. exd5 exd5 4. Nf3 Nf6 5. Bd3 Bd6 6. 0-0 0-0 7. Nc3 Bg4 8. h3 Bh5 9. Re1 c6 10. g4 Bg6 11. Ne5 Nbd7 12. Qf3 Qb6 13. Bf4 Bb8 14. Bxg6 fxg6 15. Qd3 Bxe5 16. Bxe5 Nxe5 17. Rxe5 Rae8 18. Rf1 Rxe5 19. dxe5 Ne8 20. Na4 Qa5 21. b3 Nc7 22. f4 Ne6 23. f5 gxf5 24. gxf5 Ng5 25. Nc3 Qc5+ 26. Rf2 b5 27. a3 a5 28. Kg2 d4 29. h4 dxc3 30. hxg5 Qxe5 31. Rf3 Qe7 32. f6 gxf6 33. gxf6 Rxf6 34. Re3 Re6 35. Rg3+ Kf8 36. Qxc3 Rf6 37. Qd3 Qd6 38. c4 Qxd3 39. Rxd3 bxc4 40. bxc4 Rg6+ 41. Kf2 h5 42. Re3 Rg5 43. Kf3 Kf7 44. Re4 Kf6 45. Rd4 Rf5+ 46. Kg2 Ke5 47. Rh4 Kd6 48. Kg3 Kc5 49. Re4 a4 50. Rh4 Rf6 51. Kg2 Rd6 52. Kf2 Rd3 53. Rxh5+ Kxc4 54. Ke2 Rxa3 55. Rh4+ Kc3 56. Rh3+ Kb2 57. Rh4 Ra1 58. Kd2 c5 59. Rh6 Ra3 60. Rh4 Ra2 61. Rh6 Kb3+ 62. Kc1 Ra1+ 63. Kd2 a3 64. Rb6+ Kc4 65. Ra6 a2 66. Kc2 Rh1 67. Ra4+ Kb5 68. Rxa2 Rh2+ 69. Kb3 Rxa2 70. Kxa2 Kc4 71. Kb2 Kd3 72. Kc1 c4 73. Kd1 c3 74. Kc1 c2 75. Kb2 Kd2 0-1

[Event "BI-2015-P-0000"]
[Site "LSS email"]
[Date "2015.04.16"]
[Round "?"]
[White "Mokeev, Valery"]
[Black "Demetriades, Jenny"]
[Result "1-0"]
[WhiteElo "1904"]
[BlackElo "1546"]
[PlyCount "47"]
[EventDate "2015.04.22"]
[EventType "tourn (corr)"]
[EventRounds "10"]
[EventCountry "GER"]
[SourceTitle "Corr 2022"]
[Source "ChessBase"]
[SourceDate "2021.10.24"]
[SourceVersion "1"]
[SourceVersionDate "2021.10.24"]
[SourceQuality "1"]

1. d4 d5 2. c4 e6 3. g3 Nf6 4. Bg2 Be7 5. Nf3 0-0 6. 0-0 dxc4 7. Qc2 Nc6 8. Qxc4 Qd5 9. Qa4 Bd7 10. Nc3 Qh5 11. Bf4 Bd6 12. Bxd6 cxd6 13. Qa3 d5 14. e3 Rab8 15. Rac1 b5 16. Ne2 b4 17. Qd3 g5 18. Rfe1 Rfc8 19. h3 Qh6 20. Ne5 Rc7 21. e4 Rbc8 22. Nxd7 Rxd7 23. Qb5 Rdc7 24. exd5 1-0

[Event "BI-2015-P-0000"]
[Site "LSS email"]
[Date "2015.04.16"]
[Round "?"]
[White "Mokeev, Valery"]
[Black "Tylecek, Drahomir"]
[Result "1/2-1/2"]
[WhiteElo "1904"]
[BlackElo "2145"]
[PlyCount "57"]
[EventDate "2015.04.22"]
[EventType "tourn (corr)"]
[EventRounds "10"]
[EventCountry "GER"]
[SourceTitle "Corr 2022"]
[Source "ChessBase"]
[SourceDate "2021.10.24"]
[SourceVersion "1"]
[SourceVersionDate "2021.10.24"]
[SourceQuality "1"]

1. d4 Nf6 2. c4 g6 3. Nc3 d5 4. Nf3 Bg7 5. Qb3 dxc4 6. Qxc4 0-0 7. e4 Na6 8. Be2 c5 9. d5 e6 10. 0-0 exd5 11. exd5 Re8 12. Bg5 h6 13. Be3 Ng4 14. Bf4 Qb6 15. Nb5 Bd7 16. a4 Bxb2 17. Rab1 Qf6 18. Nd6 Rxe2 19. Qxe2 Qxf4 20. Nxb7 Bc3 21. Qxa6 Ne5 22. Qe2 Bh3 23. Nxe5 Bxe5 24. g3 Bxf1 25. Rxf1 Qb4 26. Qxe5 Qxb7 27. Rc1 Rc8 28. d6 c4 29. Qe7 1/2-1/2

[Event "BI-2015-P-0000"]
[Site "LSS email"]
[Date "2015.04.16"]
[Round "?"]
[White "Shapovalov, Sergey"]
[Black "Mokeev, Valery"]
[Result "1/2-1/2"]
[WhiteElo "1728"]
[BlackElo "1904"]
[PlyCount "57"]
[EventDate "2015.04.22"]
[EventType "tourn (corr)"]
[EventRounds "10"]
[EventCountry "GER"]
[SourceTitle "Corr 2022"]
[Source "ChessBase"]
[SourceDate "2021.10.24"]
[SourceVersion "1"]
[SourceVersionDate "2021.10.24"]
[SourceQuality "1"]

1. e4 e5 2. Nc3 Nf6 3. f4 d5 4. fxe5 Nxe4 5. Qf3 f5 6. d3 Nxc3 7. bxc3 d4 8. Qg3 Nc6 9. Be2 Be6 10. c4 Qd7 11. Rb1 0-0-0 12. Bf3 Rg8 13. Bg5 Re8 14. Bxc6 Qxc6 15. Nf3 Qd7 16. h4 h6 17. Bd2 Bc5 18. Qf2 Qa4 19. c3 dxc3 20. Qxc5 cxd2+ 21. Kxd2 Bd7 22. Qb4 Qxa2+ 23. Rb2 Qa6 24. d4 g5 25. hxg5 hxg5 26. d5 g4 27. Ne1 Rg6 28. Nd3 Rb6 29. Qc3 1/2-1/2

[Event "CP-2014-Q-00015"]
[Site "LSS email"]
[Date "2014.12.02"]
[Round "?"]
[White "Bichik, Aleksandr"]
[Black "Mokeev, Valery"]
[Result "1/2-1/2"]
[WhiteElo "2198"]
[BlackElo "1908"]
[PlyCount "43"]
[EventDate "2014.12.08"]
[EventType "tourn (corr)"]
[EventRounds "6"]
[EventCountry "GER"]
[SourceTitle "Corr 2022"]
[Source "ChessBase"]
[SourceDate "2021.10.24"]
[SourceVersion "1"]
[SourceVersionDate "2021.10.24"]
[SourceQuality "1"]

1. e4 e6 2. d4 d5 3. Nc3 Nf6 4. Bg5 dxe4 5. Nxe4 Be7 6. Bxf6 Bxf6 7. Nf3 0-0 8. c3 Nd7 9. Bd3 b6 10. Qe2 Bb7 11. Rd1 Qe7 12. Ba6 Bxe4 13. Qxe4 Rad8 14. 0-0 c5 15. d5 Ne5 16. Nxe5 exd5 17. Rxd5 Rxd5 18. Qxd5 Bxe5 19. Rd1 Bf6 20. Qc6 g6 21. g3 Rd8 22. Rxd8+ 1/2-1/2

[Event "CP-2014-Q-00015"]
[Site "LSS email"]
[Date "2014.12.02"]
[Round "?"]
[White "Mokeev, Valery"]
[Black "Fineboim, Igor"]
[Result "1/2-1/2"]
[WhiteElo "1908"]
[BlackElo "2094"]
[PlyCount "59"]
[EventDate "2014.12.08"]
[EventType "tourn (corr)"]
[EventRounds "6"]
[EventCountry "GER"]
[SourceTitle "Corr 2022"]
[Source "ChessBase"]
[SourceDate "2021.10.24"]
[SourceVersion "1"]
[SourceVersionDate "2021.10.24"]
[SourceQuality "1"]

1. d4 Nf6 2. c4 e6 3. Nf3 Bb4+ 4. Bd2 Qe7 5. g3 Bxd2+ 6. Qxd2 0-0 7. Bg2 d6 8. Nc3 e5 9. 0-0 Re8 10. e4 Bg4 11. d5 Bxf3 12. Bxf3 a5 13. a3 Na6 14. Rab1 Reb8 15. b4 axb4 16. axb4 c5 17. dxc6 bxc6 18. b5 cxb5 19. cxb5 Nc5 20. Rfd1 Ne6 21. Qxd6 Qxd6 22. Rxd6 Ra3 23. Rc1 Nd4 24. Kg2 Kf8 25. Ra6 Rxa6 26. bxa6 Ra8 27. Ra1 Nc2 28. Rb1 Rxa6 29. Rb8+ Ke7 30. Rb7+ 1/2-1/2

[Event "CP-2014-Q-00015"]
[Site "LSS email"]
[Date "2014.12.02"]
[Round "?"]
[White "Mokeev, Valery"]
[Black "Roberts, Anthony"]
[Result "1/2-1/2"]
[WhiteElo "1908"]
[BlackElo "2332"]
[PlyCount "71"]
[EventDate "2014.12.08"]
[EventType "tourn (corr)"]
[EventRounds "6"]
[EventCountry "GER"]
[SourceTitle "Corr 2022"]
[Source "ChessBase"]
[SourceDate "2021.10.24"]
[SourceVersion "1"]
[SourceVersionDate "2021.10.24"]
[SourceQuality "1"]

1. d4 Nf6 2. c4 e6 3. Nf3 b6 4. a3 Bb7 5. Nc3 d5 6. cxd5 Nxd5 7. Qc2 Nxc3 8. bxc3 Be7 9. e4 0-0 10. Bd3 c5 11. 0-0 Qc7 12. Qe2 Nc6 13. Bb2 Na5 14. Rad1 Rac8 15. h3 Bf6 16. Nh2 g6 17. Ng4 Bg7 18. f4 b5 19. f5 exf5 20. exf5 cxd4 21. f6 Rfe8 22. Qf2 Bf8 23. cxd4 Qb6 24. Qf4 Qc6 25. Rd2 Qd5 26. Nh6+ Kh8 27. Bxb5 Re4 28. Qg5 Nb3 29. Rdf2 Rc7 30. h4 Nxd4 31. Bd3 Re8 32. Nxf7+ Rxf7 33. Qxd5 Bxd5 34. Bxd4 Rd8 35. Bb5 Bc6 36. Bc4 1/2-1/2

[Event "CP-2014-Q-00015"]
[Site "LSS email"]
[Date "2014.12.02"]
[Round "?"]
[White "Permykov, Andrey"]
[Black "Mokeev, Valery"]
[Result "1/2-1/2"]
[WhiteElo "2152"]
[BlackElo "1908"]
[PlyCount "69"]
[EventDate "2014.12.08"]
[EventType "tourn (corr)"]
[EventRounds "6"]
[EventCountry "GER"]
[SourceTitle "Corr 2022"]
[Source "ChessBase"]
[SourceDate "2021.10.24"]
[SourceVersion "1"]
[SourceVersionDate "2021.10.24"]
[SourceQuality "1"]

1. e4 e6 2. c3 Nf6 3. e5 Nd5 4. Nf3 c5 5. d4 cxd4 6. cxd4 d6 7. Bc4 Be7 8. 0-0 Nc6 9. Bd2 0-0 10. Nc3 Nb6 11. Bb3 dxe5 12. dxe5 Na5 13. Bc2 Nac4 14. Rc1 Bd7 15. Be4 Bc6 16. Bxc6 bxc6 17. Rc2 Nxd2 18. Qxd2 Qxd2 19. Rxd2 Rfd8 20. Rfd1 Rxd2 21. Rxd2 Rb8 22. Rc2 Nd5 23. Nxd5 cxd5 24. Nd4 Kf8 25. Kf1 Ke8 26. Ke2 Bd8 27. Kd3 Bb6 28. g3 Bxd4 29. Kxd4 Kd7 30. f3 f6 31. a3 Rb3 32. f4 fxe5+ 33. fxe5 h5 34. Rf2 Kc6 35. Rd2 1/2-1/2

[Event "BI-2013-F-0007"]
[Site "LSS email"]
[Date "2014.02.21"]
[Round "?"]
[White "Mokeev, Valery"]
[Black "Ress, Jacques"]
[Result "1/2-1/2"]
[WhiteElo "1749"]
[BlackElo "2179"]
[PlyCount "74"]
[EventDate "2014.02.27"]
[EventType "tourn (corr)"]
[EventRounds "10"]
[EventCountry "GER"]
[SourceTitle "Corr 2015"]
[Source "ChessBase"]
[SourceDate "2015.07.17"]
[SourceVersion "1"]
[SourceVersionDate "2015.07.17"]
[SourceQuality "1"]

1. e4 e6 2. d4 d5 3. Nc3 Nf6 4. Bg5 Bb4 5. e5 h6 6. Bc1 Ne4 7. Qg4 g6 8. Nge2 Nxc3 9. Nxc3 c5 10. Bd2 Nc6 11. Bb5 h5 12. Qf4 cxd4 13. Qxd4 Be7 14. 0-0 Qc7 15. Be3 0-0 16. Bxc6 bxc6 17. Na4 Ba6 18. Rfe1 Rfb8 19. b3 Rb4 20. Qd2 c5 21. Bg5 Bxg5 22. Qxg5 Rb7 23. h3 c4 24. g4 hxg4 25. hxg4 Qd8 26. Qxd8+ Rxd8 27. Nc5 Rb6 28. Red1 Rc8 29. Nd7 Rb7 30. Nf6+ Kf8 31. Kg2 cxb3 32. Rh1 Ke7 33. axb3 Bb5 34. Ra2 a6 35. Rd1 Rbc7 36. Rd2 Rc3 37. g5 Rd8 1/2-1/2

[Event "WC-2014-P-00005"]
[Site "LSS email"]
[Date "2014.02.03"]
[Round "?"]
[White "Mokeev, Valery"]
[Black "Paetzold, Ortwin"]
[Result "1/2-1/2"]
[WhiteElo "1759"]
[BlackElo "1752"]
[PlyCount "106"]
[EventDate "2014.02.10"]
[EventType "tourn (corr)"]
[EventRounds "12"]
[EventCountry "GER"]
[SourceTitle "Corr 2022"]
[Source "ChessBase"]
[SourceDate "2021.10.24"]
[SourceVersion "1"]
[SourceVersionDate "2021.10.24"]
[SourceQuality "1"]

1. d4 Nf6 2. c4 g6 3. Nc3 d5 4. Nf3 Bg7 5. h4 c6 6. Bg5 dxc4 7. e4 b5 8. h5 Nxh5 9. a4 b4 10. Na2 Nf6 11. e5 Nd5 12. Bxc4 a5 13. Nc1 Bg4 14. Nd3 f6 15. Be3 Nd7 16. exf6 exf6 17. Rc1 N7b6 18. Bb3 Qc7 19. 0-0 0-0 20. Qc2 Rfc8 21. Bf4 Qf7 22. Rfe1 Kh8 23. Qd2 g5 24. Bd6 Bf5 25. Bc5 Qg6 26. Bxb6 Nxb6 27. Nc5 Bf8 28. Ne6 Bd6 29. Qe2 Nd5 30. Bxd5 Bd3 31. Be4 Bxe2 32. Bxg6 Bxf3 33. Bxh7 Bxg2 34. Kxg2 Kxh7 35. Nc5 Bf4 36. Rc2 Kg6 37. Nd3 Bb8 38. Re6 Ba7 39. Ne5+ Kf5 40. Rexc6 Rxc6 41. Nxc6 Ke4 42. Rd2 Kd5 43. Ne7+ Ke6 44. Re2+ Kd6 45. d5 Re8 46. Nf5+ Kd7 47. Rxe8 Kxe8 48. Kg3 b3 49. Nd6+ Kd7 50. Nc4 f5 51. Nxa5 Kd6 52. f4 g4 53. Nxb3 Kxd5 1/2-1/2

[Event "WC-2014-P-00005"]
[Site "LSS email"]
[Date "2014.02.03"]
[Round "?"]
[White "Mokeev, Valery"]
[Black "Sorcinelli, Andrea"]
[Result "1/2-1/2"]
[WhiteElo "1759"]
[BlackElo "2142"]
[PlyCount "86"]
[EventDate "2014.02.10"]
[EventType "tourn (corr)"]
[EventRounds "12"]
[EventCountry "GER"]
[SourceTitle "Corr 2022"]
[Source "ChessBase"]
[SourceDate "2021.10.24"]
[SourceVersion "1"]
[SourceVersionDate "2021.10.24"]
[SourceQuality "1"]

1. d4 Nf6 2. c4 g6 3. Nc3 d5 4. Nf3 Bg7 5. h4 c6 6. Bf4 dxc4 7. e4 b5 8. Be2 0-0 9. 0-0 Bg4 10. e5 Nd5 11. Bd2 Na6 12. a4 Nac7 13. axb5 cxb5 14. b3 Nb6 15. bxc4 Nxc4 16. Bg5 a6 17. Bxc4 bxc4 18. Ra4 f6 19. exf6 exf6 20. Be3 Be6 21. h5 gxh5 22. Qe2 Qd7 23. Rfa1 Nd5 24. Bd2 Nxc3 25. Bxc3 Rfe8 26. Nd2 Qf7 27. Qf3 Bd5 28. Qh3 Qg6 29. Rxa6 Rxa6 30. Rxa6 Bf8 31. Nf1 Rb8 32. Ra5 Bf7 33. Rxh5 Rb1 34. Ra5 Qd3 35. Qxd3 cxd3 36. Bd2 Bc4 37. Ra4 Bb5 38. Ra2 f5 39. d5 Bc4 40. Ra5 Kf7 41. d6 Bb5 42. Ra7+ Ke6 43. Rxh7 Bxd6 1/2-1/2

[Event "CP-2012-Q-00012"]
[Site "LSS email"]
[Date "2013.12.17"]
[Round "?"]
[White "Mokeev, Valery"]
[Black "Quinones Borda, Jorge Victor"]
[Result "1/2-1/2"]
[WhiteElo "1766"]
[BlackElo "2089"]
[PlyCount "50"]
[EventDate "2013.12.22"]
[EventType "tourn (corr)"]
[EventRounds "6"]
[EventCountry "GER"]
[SourceTitle "Corr 2015"]
[Source "ChessBase"]
[SourceDate "2015.07.17"]
[SourceVersion "1"]
[SourceVersionDate "2015.07.17"]
[SourceQuality "1"]

1. Nf3 d5 2. d4 Nf6 3. c4 e6 4. Nc3 Be7 5. Bf4 0-0 6. e3 c5 7. dxc5 Bxc5 8. a3 Nc6 9. Qc2 Qa5 10. 0-0-0 Be7 11. h4 Rd8 12. cxd5 Nxd5 13. Nxd5 exd5 14. Kb1 h6 15. Bd3 Be6 16. Bh7+ Kf8 17. Bf5 Qc5 18. Qxc5 Bxc5 19. Bxe6 fxe6 20. Rd2 Kg8 21. Rc1 Bd6 22. Bxd6 Rxd6 23. Nd4 Nxd4 24. Rxd4 e5 25. Rd2 Rad8 1/2-1/2

[Event "CP-2013-P-00054"]
[Site "LSS email"]
[Date "2013.09.30"]
[Round "?"]
[White "Mokeev, Valery"]
[Black "Potemri, Stefan"]
[Result "1-0"]
[WhiteElo "1684"]
[BlackElo "1634"]
[PlyCount "33"]
[EventDate "2013.10.01"]
[EventType "tourn (corr)"]
[EventRounds "6"]
[EventCountry "GER"]
[SourceTitle "Corr 2022"]
[Source "ChessBase"]
[SourceDate "2021.10.24"]
[SourceVersion "1"]
[SourceVersionDate "2021.10.24"]
[SourceQuality "1"]

1. e4 e5 2. Nf3 Nc6 3. Bb5 a6 4. Ba4 d6 5. 0-0 Nf6 6. Re1 Be7 7. c3 0-0 8. h3 b5 9. Bc2 Bb7 10. d4 exd4 11. cxd4 Nb4 12. Bb3 a5 13. a3 a4 14. axb4 axb3 15. Rxa8 Qxa8 16. d5 Qa4 17. Bd2 1-0

[Event "CP-2013-P-00054"]
[Site "LSS email"]
[Date "2013.09.30"]
[Round "?"]
[White "Muhl, Patrick"]
[Black "Mokeev, Valery"]
[Result "1/2-1/2"]
[WhiteElo "2442"]
[BlackElo "1684"]
[PlyCount "87"]
[EventDate "2013.10.01"]
[EventType "tourn (corr)"]
[EventRounds "6"]
[EventCountry "GER"]
[SourceTitle "Corr 2022"]
[Source "ChessBase"]
[SourceDate "2021.10.24"]
[SourceVersion "1"]
[SourceVersionDate "2021.10.24"]
[SourceQuality "1"]

1. d4 Nf6 2. c4 e6 3. Nf3 d5 4. g3 Be7 5. Bg2 0-0 6. 0-0 dxc4 7. Qc2 a6 8. Qxc4 b5 9. Qd3 Bb7 10. a4 Nbd7 11. Be3 c5 12. axb5 axb5 13. Rxa8 Qxa8 14. dxc5 Nxc5 15. Qa3 b4 16. Qxa8 Rxa8 17. Nbd2 Ncd7 18. Rc1 Ra2 19. Bd4 Ne8 20. e4 Nb8 21. Ne5 Bf6 22. Ndc4 Nd7 23. f4 h5 24. Bf3 Nxe5 25. fxe5 Bg5 26. Rc2 f6 27. Bc5 fxe5 28. Bxb4 Nf6 29. h4 Bh6 30. Kg2 Nxe4 31. Nxe5 g5 32. hxg5 Bxg5 33. Nd3 Ra4 34. b3 Ra7 35. Re2 Nf6 36. Bxb7 Rxb7 37. Re5 Rg7 38. Kf3 h4 39. gxh4 Bxh4 40. Rxe6 Rb7 41. Re5 Kf7 42. Ra5 Kg6 43. Kf4 Bf2 44. Rg5+ 1/2-1/2

[Event "CP-2013-P-00054"]
[Site "LSS email"]
[Date "2013.09.30"]
[Round "?"]
[White "Vasilyev, Eugene"]
[Black "Mokeev, Valery"]
[Result "1/2-1/2"]
[WhiteElo "2064"]
[BlackElo "1684"]
[PlyCount "66"]
[EventDate "2013.10.01"]
[EventType "tourn (corr)"]
[EventRounds "6"]
[EventCountry "GER"]
[SourceTitle "Corr 2022"]
[Source "ChessBase"]
[SourceDate "2021.10.24"]
[SourceVersion "1"]
[SourceVersionDate "2021.10.24"]
[SourceQuality "1"]

1. e4 e5 2. Nf3 Nc6 3. Bb5 a6 4. Ba4 Nf6 5. 0-0 Be7 6. Re1 b5 7. Bb3 d6 8. c3 0-0 9. h3 Nb8 10. d4 Nbd7 11. Nbd2 Bb7 12. Bc2 c5 13. Nf1 cxd4 14. cxd4 exd4 15. Nxd4 Re8 16. a4 Bf8 17. axb5 axb5 18. Rxa8 Qxa8 19. Nxb5 Bxe4 20. Rxe4 Rxe4 21. Bxe4 Nxe4 22. Ne3 Qa5 23. Na3 Nb6 24. f3 Nc5 25. Bd2 Qa6 26. Qf1 Qa4 27. Bc3 d5 28. Qb5 d4 29. Qxa4 Nbxa4 30. Bxd4 Nb3 31. Ba7 Nxb2 32. Nac2 Nd3 33. Kf1 f6 1/2-1/2